[Event "HUN-chT2 Barcza 2223"]
[Site "Hungary"]
[Date "2022.12.04"]
[Round "2.10"]
[White "Gencsi, David Sandor"]
[Black "Gyongyosi, Norbert"]
[Result "1-0"]
[WhiteElo "1514"]
[BlackElo "1779"]
[PlyCount "73"]
[EventDate "2022.11.20"]
[EventType "team-tourn"]
[EventRounds "7"]
[EventCountry "HUN"]
[SourceTitle "EXT 2025"]
[Source "ChessBase"]
[SourceDate "2024.10.14"]
[SourceVersion "1"]
[SourceVersionDate "2024.10.14"]
[SourceQuality "1"]
[WhiteTeam "Debrecen Sakkbaratok"]
[BlackTeam "Karsol DSBK"]
[WhiteTeamCountry "HUN"]
[BlackTeamCountry "HUN"]

1. e4 e6 2. d4 d5 3. exd5 exd5 4. Bd3 Bd6 5. Nf3 Nf6 6. 0-0 0-0 7. Bg5 Bg4 8. Nbd2 Nbd7 9. c3 c6 10. Qc2 Qc7 11. Rfe1 Rfe8 12. c4 dxc4 13. Bxc4 Nb6 14. Bxf6 Nxc4 15. Qxc4 gxf6 16. d5 Bd7 17. Ne4 Be7 18. d6 Bxd6 19. Nxf6+ Kg7 20. Nxe8+ Bxe8 21. Qh4 f6 22. Nd4 Bd7 23. Ne6+ Bxe6 24. Rxe6 Be5 25. Qg4+ Kf7 26. Qf5 Rd8 27. f4 Qb6+ 28. Kh1 Qxb2 29. Re1 Rg8 30. Qxh7+ Rg7 31. Re7+ Kxe7 32. Qxg7+ Kd6 33. fxe5+ fxe5 34. Qf6+ Kc5 35. Rxe5+ Kb6 36. Qd8+ Ka6 37. Qa5# 1-0